000 00616nam a22002057a 4500
999 _c186809
_d186809
005 20220317113029.0
010 _aENG-132015
020 _a978819506330
_c210.00
035 _aEN-115547
037 _bDBAD
082 _a519.5
100 _aSudhakar, A.
245 _aBusiness Statistics-I/
_cA Sudhakar, Saumya Chaturvedi and V. Karunasree
260 _aNew Delhi
_bNational Publsihing Co.
_c2021
270 _a1, Ansari Road, Daryaganj
_bNew Delhi
_e110002
300 _aviii, 220p.
_c24cm(pbk)
700 _aChaturvedi, Saumya
700 _aKarunasree, V.
942 _2ddc
_cEN
_h519.5
_mSUD